| 000 | 00554nam a2200241Ia 4500 | ||
|---|---|---|---|
| 003 | 0100 | ||
| 008 | 130303s9999 xx 000 0 und d | ||
| 020 | _a664218350 | ||
| 040 | _cARRUPELIB | ||
| 050 | _aBS1525.3.C371986 | ||
| 100 | _aCarroll, Robert P | ||
| 245 | _aJeremiah | ||
| 245 | _ba commentary | ||
| 250 | _a1st American | ||
| 260 | _aPhiladelphia | ||
| 260 | _bWestminster Press | ||
| 260 | _C1986 | ||
| 300 | _a874 p. | ||
| 300 | _b 23 cm | ||
| 440 | _aThe Old Testament library | ||
| 700 | _aRobert P. Carroll | ||
| 942 | 0 | 0 | _03 |
| 999 |
_c12639 _d12639 |
||